=LDR 00000nam 2200000 4500 =001 INLIS000000000008463 =005 20130612100327 =008 ***********************************Ind** =035 ##$$0010-061300000008463 =041 ##$$a Ind =082 ##$$a 297.122 =090 ##$$a 297.122, Far m =100 ##$$a Farmawi, Abd Al Hary =245 ##$$a Metode tafsirNaw dhu'iy, dr.Abd al Hary =260 ##$$a 1994 $b Jakarta =300 ##$$a x0111,154 hlm, 21 cm =650 ##$$a Al-qur'an-Tafsir